jak dobrze znasz michałka🤨🥰 - Statystyki

Ogólne statystyki
  • Ten quiz został rozwiązany 18 razy
  • Średni wynik to 3 z 8
Statystyki odpowiedzi
Hint Odpowiedź % Poprawnych
Czy Michał chce z Julią spędzić życie???? oczywiście ze chce🙂
100%
czy julcia musi się obawiać o konkurencję???? konkurencja co to? 🤨
88%
najpiękniejsza dziewczyna na świecie??? Moje Sloneczko 😻
65%
kogo michał kocha????? Julcieee😡
53%
kiedy Michał ma urodziny 17 marca
12%
Kiedy się poznaliśmy? 11 grudnia 2021
6%
Kiedy był nasz slub? 28 stycznia 2022
6%
nazwisko osoby, która jest dla mnie najlepsza i zawsze pomocna??? / Ficner (kierul)
6%
Nie znaleziono quizów pasujących do podanych kryteriów
Rozkład punktacji
Procent ludzi z każdym wynikiem
Percentyl według liczby udzielonych odpowiedzi
Twoja historia wyników
Nie rozwiązałeś tego quizu